Loading...
| Social Science | 0 | 3 | 0 | 2 | 30 | 125 | 133.67 | 0 | 1 |
| Current Events | 1 | 1 | 0 | 0 | 25 | 41 | 65.50 | 0 | 2 |
| Science - Other Science | 0 | 2 | 0 | 1 | 20 | 110 | 118.00 | 0 | 1 |
| Fine Arts - Auditory Fine Arts | 0 | 2 | 0 | 1 | 20 | 141 | 141.50 | 0 | 1 |
| Science - Physics | 0 | 2 | 0 | 0 | 20 | 111 | 116.00 | 0 | 1 |
| Literature - British Literature | 0 | 1 | 0 | 0 | 10 | 129 | 129.00 | 0 | 0 |
| Fine Arts - Visual Fine Arts | 0 | 3 | 4 | 2 | 10 | 140 | 145.67 | 0 | 1 |
| History - American History | 0 | 1 | 0 | 0 | 10 | 134 | 134.00 | 1 | 1 |
| Literature - American Literature | 0 | 1 | 0 | 0 | 10 | 121 | 121.00 | 0 | 1 |
| Mythology | 0 | 1 | 0 | 1 | 10 | 146 | 146.00 | 0 | 1 |
| Science - Biology | 0 | 1 | 0 | 0 | 10 | 128 | 128.00 | 0 | 0 |
| Religion | 0 | 0 | 0 | 0 | 0 | 0.00 | 0 | 0 | |
| Science - Chemistry | 0 | 1 | 2 | 0 | 0 | 130 | 130.00 | 0 | 0 |
| History - World History | 0 | 0 | 0 | 0 | 0 | 0.00 | 0 | 0 | |
| Literature - World Literature | 0 | 0 | 0 | 0 | 0 | 0.00 | 0 | 0 | |
| History - Ancient History | 0 | 0 | 0 | 0 | 0 | 0.00 | 0 | 0 | |
| Geography | 0 | 0 | 1 | 0 | -5 | 0.00 | 0 | 0 |